Logo quiz #3 - Statistiques

Statistiques générales
  • Ce quiz a été pris 1 295 fois
  • Le résultat moyen est 13 sur 16
Statistiques - réponses
Par images Réponse % Correct
Superman
99%
Ferrari
98%
Lacoste
97%
Tesla
96%
LG
95%
Mercedes-Benz
95%
Olympique de Marseille
92%
Power Point
90%
Shell
87%
Skoda
86%
Warner Bros
79%
Real Madrid
78%
Mustang
60%
Maserati
58%
Wilson
47%
Kawasaki
11%
Aucun quiz correspondant
Distribution des résultats
% des personnes avec chaque résultat
Percentile par nombre de réponses
Votre historique - résultats
Vous n’avez pas pris ce quiz